Présidents plus jeunes que leur prédécesseur - Erreurs éliminatoires - Statistiques

Statistiques générales
  • Ce quiz a été pris 24 fois
  • Le résultat moyen est 6 sur 14
Statistiques - réponses
Age du prédécesseur Age du successeur Nom du successeur Différence en % % Correct
62 39 Emmanuel Macron -37,1%
100%
74 52 Nicolas Sarkozy -29,7%
95%
78 62 Jacques Chirac -20,5%
76%
78 57 Georges Pompidou -26,9%
57%
62 48 Valéry Giscard d’Estaing -22,6%
57%
76 68 Charles de Gaulle -10,5%
43%
79 50 Marie François Sadi Carnot -36,7%
38%
76 64 Patrice de Mac Mahon -15,8%
29%
75 60 Albert Lebrun -20%
24%
65 61 Alexandre Millerand -6,2%
24%
67 64 Armand Fallières -15,8%
19%
65 61 Gaston Doumergue -6,2%
19%
56 46 Jean Casimir-Perier -17,9%
14%
71 52 Raymond Poincaré -26,8%
10%
Aucun quiz correspondant
Distribution des résultats
% des personnes avec chaque résultat
Percentile par nombre de réponses
Votre historique - résultats
Vous n’avez pas pris ce quiz